<?xml version="1.0" encoding="UTF-8"?>
<record
    xmlns:xsi="http://www.w3.org/2001/XMLSchema-instance"
    xsi:schemaLocation="http://www.loc.gov/MARC21/slim http://www.loc.gov/standards/marcxml/schema/MARC21slim.xsd"
    xmlns="http://www.loc.gov/MARC21/slim">

  <leader>02728    a2200205   4500</leader>
  <controlfield tag="001">30071</controlfield>
  <controlfield tag="005">20260407155611.0</controlfield>
  <controlfield tag="008">260407a1958    arg                 spa d</controlfield>
  <controlfield tag="003">AR-UNSa-BCEJYS</controlfield>
  <datafield tag="040" ind1=" " ind2=" ">
    <subfield code="a">AR-UNSa-BCEJYS</subfield>
    <subfield code="b">spa</subfield>
    <subfield code="c">AR-UNSa-BCEJYS</subfield>
  </datafield>
  <datafield tag="080" ind1=" " ind2=" ">
    <subfield code="a">657.471.1</subfield>
    <subfield code="x">Clases de costos. Costos de producci&#xF3;n
</subfield>
  </datafield>
  <datafield tag="245" ind1="1" ind2="0">
    <subfield code="a">Precio de coste industrial</subfield>
  </datafield>
  <datafield tag="250" ind1=" " ind2=" ">
    <subfield code="a">5a.ed</subfield>
  </datafield>
  <datafield tag="264" ind1=" " ind2="1">
    <subfield code="a">Barcelona :</subfield>
    <subfield code="b">Juventud</subfield>
    <subfield code="c">1958</subfield>
  </datafield>
  <datafield tag="300" ind1=" " ind2=" ">
    <subfield code="a">304 p.</subfield>
    <subfield code="c">23 cm.</subfield>
  </datafield>
  <datafield tag="505" ind1=" " ind2=" ">
    <subfield code="a">Teor&#xED;a general del precio de coste - 1. Teor&#xED;a general de los precios de coste y de venta - 2. Elementos del preciio de coste industrial - 3. C&#xE1;lculo y contabilizaci&#xF3;n del precio de coste industrial - Materiales - 1. Nomenclatura y clasificaci&#xF3;n de los materiales - 2. Organizaci&#xF3;n del servicio de compras de materiales - 3. Contabilizaci&#xF3;n de las entrada de materiales - 4. Contabilizaci&#xF3;n de las entradas de materiales en cantidad - 5. Contabilizaci&#xF3;n de las entradas de materiales en valor - 6. Contabilizaci&#xF3;n de las salidas de materiales en cantidad - 7. Contabilizaci&#xF3;n de las salidas de materiales en valor - 8. Materiales sobrantes, semiproductos y desperdiciios - 9. El almac&#xE9;n de los materiales - Mano de obra - 1. Retribuci&#xF3;n de la mano de obra - 2. Sistemas de salarios con primas - 3. Los sistemas de salarios y el precio de coste industrial - 4. Control de la mano de obra - 5. C&#xE1;lculo y contabilidad de la mano de obra - Gastos generales de fabricaci&#xF3;n - 1. Clasificaci&#xF3;n y contabilizaci&#xF3;n general de gastos - 2. Gastos generales de fabricaci&#xF3;n, variables - 3. Gastos generales de fabricaci&#xF3;n, fijos - 4. Amortizaciones - 5. La teor&#xED;a del inter&#xE9;s de capital - 6. Coeficientes de distribuci&#xF3;n de gastos - 7. Disttribuci&#xF3;n de los gastos generales de fabricaci&#xF3;n - 8. Escandallos - 9. L&#xED;mite del precio del coste - Contabilizaci&#xF3;n del precio de coste - 1. Teor&#xED;a general del precio de coste - 2. Fabricaci&#xF3;n de un producto &#xFA;nico - 3. Fabricaci&#xF3;n de productos diferentes - 4. La contabilidad del precio de coste y la contabilidad general - 5. Trabajos en curso de ejecuci&#xF3;n - 6. La cuenta de explotaci&#xF3;n - 7. Errores en el c&#xE1;lculo del precio de coste - Casos especiales - 1. Subproductos y productos simult&#xE1;neos - 2. Residuos y desperdicios - 3. Trabajo defectuoso - 4. Industrias accesorias - 5. Industrias de temporada - 6. Materiales de valor nulo o indeterminado - 7. Materiales cuyo valor est&#xE1; sujeto a oscilaciones - 8. Mano de obra de valor indeterminado - 9. Industrias que ignoran su precio de coste - 10. Industrias que pueden ignorar su precio de coste - 11. La depreciaci&#xF3;n monetaria y los precios de coste</subfield>
  </datafield>
  <datafield tag="942" ind1=" " ind2=" ">
    <subfield code="c">BK</subfield>
  </datafield>
  <datafield tag="590" ind1=" " ind2=" ">
    <subfield code="a">niveau_biblio:m niveau_hierar:0</subfield>
  </datafield>
  <datafield tag="100" ind1="1" ind2=" ">
    <subfield code="a">Boter Mauri, Fernando</subfield>
  </datafield>
  <datafield tag="999" ind1=" " ind2=" ">
    <subfield code="c">2004</subfield>
    <subfield code="d">2004</subfield>
  </datafield>
  <datafield tag="952" ind1=" " ind2=" ">
    <subfield code="0">0</subfield>
    <subfield code="1">0</subfield>
    <subfield code="4">0</subfield>
    <subfield code="7">0</subfield>
    <subfield code="a">BCEJYS</subfield>
    <subfield code="b">BCEJYS</subfield>
    <subfield code="c">16</subfield>
    <subfield code="d">2026-04-07</subfield>
    <subfield code="l">0</subfield>
    <subfield code="o">657.471.1 B748 5ed.</subfield>
    <subfield code="p">L20019</subfield>
    <subfield code="r">2026-04-07 15:56:11</subfield>
    <subfield code="w">2026-04-07</subfield>
    <subfield code="y">L</subfield>
  </datafield>
</record>
